00434nam a2200145 a 450000500170000000800410001702000180005805000180007610000190009424500850011326000380019830000230023665000130025965000160027220140412111315.0010308s19uu xx 00 eng d a0-307-30194-X aERbJa12 1992 aBalducci, Rita aJack and the beanstalk /cretold by Rita Balducci ; illustrated by Richard Walz. aNew York :bA Golden Book,c1992. a1 v. (unp.) ; ill. aFolklore aFairy Tales